| 000 | 01154nab a22002417a 4500 | ||
|---|---|---|---|
| 999 |
_c5558 _d5558 |
||
| 003 | OSt | ||
| 005 | 20251218080850.0 | ||
| 008 | 190429b xxu||||| |||| 00| 0 spa d | ||
| 040 | _cPJ | ||
| 100 |
_94810 _aBianchi, Luciano |
||
| 245 | 1 | 3 |
_aDeclaración del imputado y sus máculas : _blo indelegable de la oficiosidad jurisdiccional y/o ministerial / _cLuciano Bianchi. |
| 260 |
_cCiudad Autónoma de Buenos Aires : _aThomson Reuters La Ley, _b2025. |
||
| 300 | _ap. 93-97 | ||
| 500 | _aCita: TR LALEY AR/DOC/395/2025 | ||
| 505 | _aSumario: I. Introducción.— II. La declaración del imputado: el acto de defensa material. De lo indelegable al personalismo jurisdiccional y/o ministerial.— III. Conclusiones. | ||
| 505 | _tSi te interesa el texto completo, solicitalo a koha@justierradelfuego.gov.ar | ||
| 650 | 0 |
_9343 _aDERECHO PENAL |
|
| 650 | 0 |
_92348 _aPROCESO PENAL |
|
| 650 | 0 |
_9586 _aDEFENSA EN JUICIO |
|
| 650 | 0 |
_92781 _aDECLARACIÓN INDAGATORIA |
|
| 773 | 0 |
_02658 _93164 _tRevista de derecho penal y criminología. Nº 3 - Abril 2025 _dCiudad Autónoma de Buenos Aires : Thomson Reuters La Ley, 2017- _x00347914 |
|
| 942 |
_2udc _cANA |
||